[Event "4NCL"]
[Site "De Vere, Staverton Park, ENG"]
[Date "2010.11.07"]
[Round "2.50"]
[White "Reynolds, D Ian W"]
[Black "Jones, William EG"]
[Result "1/2-1/2"]
[WhiteElo "2051"]
[BlackElo "2100"]
[PlyCount "39"]
[EventDate "2010.??.??"]
[WhiteTeam "Iceni"]
[BlackTeam "KJCA Kings"]

1. e4 c5 2. c3 Nf6 3. e5 Nd5 4. Nf3 Nc6 5. d4 cxd4 6. cxd4 d6 7. exd6 Qxd6 8.
Nc3 Bg4 9. Bc4 e6 10. O-O Be7 11. Nxd5 exd5 12. Be2 O-O 13. a3 Bf6 14. Be3 Rfe8
15. Qd2 h6 16. Rfe1 Qd7 17. h3 Bh5 18. Ne5 Bxe5 19. Bxh5 Bf6 20. Bxf7+ 1/2-1/2

[Event "4NCL"]
[Site "De Vere, Staverton Park, ENG"]
[Date "2010.11.07"]
[Round "2.50"]
[White "Bayliss, Lyall CP"]
[Black "Ruthen, Stephen W"]
[Result "0-1"]
[WhiteElo "1963"]
[BlackElo "2066"]
[PlyCount "44"]
[EventDate "2010.??.??"]
[WhiteTeam "KJCA Kings"]
[BlackTeam "Iceni"]

1. e4 e5 2. Bc4 Nf6 3. d3 Nc6 4. Nc3 Bc5 5. f4 d6 6. f5 Na5 7. Bg5 c6 8. Qf3 b5
9. Bb3 Qb6 10. Nh3 Bb7 11. Qg3 Nxb3 12. axb3 O-O-O 13. Bxf6 gxf6 14. Qh4 Rhg8
15. g3 Be3 16. Qxf6 Qc5 17. Kd1 d5 18. exd5 cxd5 19. Qxe5 Rge8 20. Qg7 d4 21.
Ne4 Rxe4 22. dxe4 Bxe4 0-1

[Event "4NCL"]
[Site "De Vere, Staverton Park, ENG"]
[Date "2010.11.07"]
[Round "2.50"]
[White "Szymanski, Mark"]
[Black "Maguire, Robert"]
[Result "0-1"]
[WhiteElo "1906"]
[BlackElo "1925"]
[PlyCount "128"]
[EventDate "2010.??.??"]
[WhiteTeam "Iceni"]
[BlackTeam "KJCA Kings"]

1. d4 Nf6 2. Nf3 g6 3. e3 Bg7 4. c4 O-O 5. Be2 d6 6. Nc3 Nbd7 7. O-O b6 8. Qc2
Bb7 9. b3 e5 10. Bb2 Qe7 11. d5 Ne8 12. e4 a6 13. Rae1 Bc8 14. Bc1 f5 15. exf5
gxf5 16. Bg5 Qf7 17. Bd8 Ndf6 18. Ng5 Qg6 19. Ne6 Rf7 20. f4 e4 21. Bd1 Ng4 22.
Bxg4 Bxe6 23. dxe6 Bd4+ 24. Kh1 Rg7 25. Bh3 Rxd8 26. Ne2 Bf6 27. Ng3 Bh4 28.
Nxf5 Bxe1 29. Rxe1 e3 30. Qe4 d5 31. Qxe3 d4 32. Nxd4 Nd6 33. f5 Qf6 34. Nc6
Re8 35. Rf1 Rg5 36. Qf3 h5 37. Qd5 Kh7 38. e7 Rgg8 39. Qe6 Qxe6 40. fxe6 Rg5
41. g3 Kg8 42. Rf4 Rc5 43. Bg2 Rf5 44. Kg1 Rxf4 45. gxf4 Nf5 46. Kf2 Nxe7 47.
Nxe7+ Rxe7 48. f5 Kg7 49. Bh3 Kf6 50. Ke3 Re8 51. a4 Rd8 52. Bg2 Kxf5 53. Bd5
Kf6 54. Kf2 Rd6 55. Bf3 Kxe6 56. Bxh5 Ke5 57. Be2 Kd4 58. h4 Kc3 59. h5 Kxb3
60. Kg3 Kxa4 61. c5 bxc5 62. Kf4 c4 63. Ke3 c3 64. Bd3 Ka3 0-1

[Event "4NCL"]
[Site "Barcelo Hotel, Hinckley Island"]
[Date "2011.01.15"]
[Round "3.31"]
[White "Salimbeni, George PW"]
[Black "Headlong, Timothy"]
[Result "1/2-1/2"]
[WhiteElo "2159"]
[BlackElo "2177"]
[PlyCount "82"]
[EventDate "2011.??.??"]
[WhiteTeam "Sussex Smart Controls"]
[BlackTeam "Brown Jack"]

1. e4 c5 2. c3 d5 3. exd5 Qxd5 4. d4 Nf6 5. Nf3 Bg4 6. dxc5 Qxc5 7. Na3 a6 8.
Be3 Qc7 9. h3 Bc8 10. Qa4+ Bd7 11. Nb5 Bxb5 12. Bxb5+ Nbd7 13. Bf4 Qd8 14. Be2
b5 15. Qb3 e6 16. O-O Nd5 17. Bg3 Nc5 18. Qc2 Bd6 19. Bxd6 Qxd6 20. Rfd1 O-O
21. Ng5 g6 22. Bf3 Rac8 23. Qe2 Rfd8 24. Rd4 Qc7 25. Bxd5 Rxd5 26. Rxd5 exd5
27. Rd1 Rd8 28. Qe3 Na4 29. Rd2 Nb6 30. Rd4 Nc4 31. Qe2 h6 32. Nf3 Kg7 33. h4
Qc6 34. b3 Re8 35. Qd3 Ne5 36. Nxe5 Rxe5 37. g3 Qe6 38. Kg2 h5 39. a4 Qc6 40.
axb5 axb5 41. Kh2 Qc5 1/2-1/2

[Event "4NCL"]
[Site "Barcelo Hotel, Hinckley Island"]
[Date "2011.01.15"]
[Round "3.31"]
[White "Hoare, Amy B"]
[Black "Girdlestone, Paul C"]
[Result "0-1"]
[WhiteElo "1936"]
[BlackElo "2182"]
[PlyCount "77"]
[EventDate "2011.??.??"]
[WhiteTeam "Sussex Smart Controls"]
[BlackTeam "Brown Jack"]

1. e4 e5 2. Bc4 d6 3. Nc3 Be6 4. d3 Nd7 5. Nge2 Bxc4 6. dxc4 g6 7. O-O Bg7 8.
Be3 Ngf6 9. f3 O-O 10. Qd2 Ne8 11. Bh6 Bxh6 12. Qxh6 Ng7 13. Rad1 f5 14. exf5
Nxf5 15. Qd2 c6 16. Rf2 Nb6 17. b3 Qe7 18. Ne4 d5 19. cxd5 cxd5 20. N4g3 Qc5
21. Nxf5 Rxf5 22. Ng3 Rf4 23. Re1 Re8 24. c3 Rf7 25. Qe3 Rc7 26. Qxc5 Rxc5 27.
Re3 Nd7 28. Rfe2 Rec8 29. Rc2 d4 30. Rd3 Nf6 31. c4 b5 32. Nf1 Nd5 33. a3 bxc4
34. bxc4 Rxc4 35. Rxc4 Rxc4 36. Nd2 Rc1+ 37. Kf2 Rc2 38. g3 Kf7 39. Ke2 0-1

[Event "4NCL"]
[Site "Barcelo Hotel, Hinckley Island"]
[Date "2011.01.15"]
[Round "3.31"]
[White "Truran, Michael C"]
[Black "Payne, Matthew J"]
[Result "1-0"]
[WhiteElo "2195"]
[BlackElo "1874"]
[PlyCount "73"]
[EventDate "2011.??.??"]
[WhiteTeam "Brown Jack"]
[BlackTeam "Sussex Smart Controls"]

1. d4 Nf6 2. c4 g6 3. Nc3 Bg7 4. Nf3 O-O 5. Bf4 c5 6. d5 Nh5 7. Be5 Bxe5 8.
Nxe5 d6 9. Nf3 e5 10. dxe6 Bxe6 11. e3 Nc6 12. Be2 Qe7 13. O-O Ng7 14. Nd5 Bxd5
15. Qxd5 Ne6 16. Bd1 Nb4 17. Qd2 Qd7 18. a3 Nc6 19. Ba4 Qc7 20. Rfd1 Rfd8 21.
Qc3 Qa5 22. Qc2 a6 23. Rd2 b5 24. Bb3 bxc4 25. Bxc4 Nb4 26. Qd1 Nc6 27. Bxe6
fxe6 28. Rxd6 Qc7 29. Rxd8+ Rxd8 30. Qc2 Qd6 31. h3 Na5 32. b4 Nb7 33. Qc4 Rc8
34. Rc1 Rc6 35. Nd4 Rc8 36. Nxe6 Kh8 37. Qc3+ 1-0

[Event "4NCL"]
[Site "Barcelo Hotel, Hinckley Island"]
[Date "2011.01.15"]
[Round "3.31"]
[White "Woods, Timothy J"]
[Black "Hackett, Dave G"]
[Result "0-1"]
[WhiteElo "1861"]
[BlackElo "2138"]
[PlyCount "54"]
[EventDate "2011.??.??"]
[WhiteTeam "Sussex Smart Controls"]
[BlackTeam "Brown Jack"]

1. e4 c5 2. Nf3 Nc6 3. d4 cxd4 4. Nxd4 e5 5. Nb5 a6 6. Nd6+ Bxd6 7. Qxd6 Qf6 8.
Qd1 Qg6 9. Nc3 d5 10. Nxd5 Qxe4+ 11. Ne3 Qg6 12. c3 Be6 13. Qa4 Nge7 14. Be2
O-O 15. O-O e4 16. g3 f5 17. Ng2 Qf6 18. Bc4 Ne5 19. Bxe6+ Qxe6 20. Qb3 Qxb3
21. axb3 Nd3 22. Ra4 Nc6 23. Nf4 Nxc1 24. Rxc1 Rfd8 25. b4 Ne5 26. Rc2 Nf3+ 27.
Kf1 Rd1+ 0-1

[Event "4NCL"]
[Site "Barcelo Hotel, Hinckley Island"]
[Date "2011.01.15"]
[Round "3.32"]
[White "Pedersen, Carsten"]
[Black "Way, Julian M"]
[Result "1-0"]
[WhiteElo "2163"]
[BlackElo "2122"]
[PlyCount "83"]
[EventDate "2011.??.??"]
[WhiteTeam "Celtic Tigers 1"]
[BlackTeam "Guildford A&DC 3"]

1. e4 d5 2. exd5 Qxd5 3. Nc3 Qa5 4. d4 Nf6 5. Nf3 c6 6. Bc4 Bf5 7. Bd2 e6 8.
Qe2 Bb4 9. O-O-O O-O 10. a3 Bxc3 11. Bxc3 Qc7 12. Ne5 Nbd7 13. f3 Nd5 14. Bd2
Nxe5 15. dxe5 b5 16. Ba2 c5 17. g4 Bg6 18. Bxd5 exd5 19. h4 d4 20. h5 Bxc2 21.
Kxc2 a5 22. Bc1 Qb6 23. h6 g6 24. Qe4 b4 25. axb4 axb4 26. b3 c4 27. bxc4 b3+
28. Kb1 Qa6 29. Bb2 Rac8 30. Rxd4 Qa2+ 31. Kc1 Qa6 32. Rhd1 Qe6 33. Qd5 Qe7 34.
Kb1 Ra8 35. Qd6 Qa7 36. R1d3 Qa2+ 37. Kc1 Qa7 38. Kb1 Rab8 39. Qd5 Ra8 40. e6
f6 41. e7+ Rf7 42. Qd8+ 1-0

[Event "4NCL"]
[Site "Barcelo Hotel, Hinckley Island"]
[Date "2011.01.15"]
[Round "3.32"]
[White "Shepley, Julien M"]
[Black "Kemp, Peter D"]
[Result "0-1"]
[WhiteElo "2043"]
[BlackElo "2158"]
[PlyCount "60"]
[EventDate "2011.??.??"]
[WhiteTeam "Guildford A&DC 3"]
[BlackTeam "Celtic Tigers 1"]

1. d4 f5 2. Qd3 d5 3. g4 g6 4. gxf5 Bxf5 5. Qb5+ Nc6 6. c3 Qd6 7. Bh3 Bxh3 8.
Nxh3 O-O-O 9. Bf4 e5 10. dxe5 Nxe5 11. Nd2 Bh6 12. Qa4 Bxf4 13. Nxf4 Kb8 14.
O-O-O Nf6 15. Nb3 c6 16. f3 Nc4 17. Nd3 Qe7 18. Nd4 Rhe8 19. Kb1 Nd7 20. Rhe1
c5 21. Nb5 a6 22. Na3 Ne3 23. Rd2 Nb6 24. Qb3 Nbc4 25. Rc2 Nxc2 26. Qxc2 Qe3
27. Nxc4 dxc4 28. Nc1 Rd2 29. Qa4 Red8 30. a3 R8d6 0-1

[Event "4NCL"]
[Site "Barcelo Hotel, Hinckley Island"]
[Date "2011.01.15"]
[Round "3.32"]
[White "French, Angus J"]
[Black "Taylor, Dale C"]
[Result "1/2-1/2"]
[WhiteElo "2118"]
[BlackElo "1975"]
[PlyCount "54"]
[EventDate "2011.??.??"]
[WhiteTeam "Celtic Tigers 1"]
[BlackTeam "Guildford A&DC 3"]

1. e4 c5 2. c3 e6 3. d4 d5 4. exd5 exd5 5. Nf3 Nc6 6. Be3 cxd4 7. Nxd4 Bd6 8.
Be2 Nge7 9. Nd2 O-O 10. N2f3 Bg4 11. O-O Qd7 12. Qd2 Rad8 13. Nb5 Bb8 14. Bf4
Bxf4 15. Qxf4 Ng6 16. Qd2 a6 17. Nbd4 Nxd4 18. Nxd4 Bxe2 19. Qxe2 Rfe8 20. Qd2
Re4 21. Rfe1 Rde8 22. f3 R4e5 23. Rxe5 Nxe5 24. b3 Nc6 25. Nc2 Qd6 26. Rd1 Qc5+
27. Kf1 g6 1/2-1/2

[Event "4NCL"]
[Site "Barcelo Hotel, Hinckley Island"]
[Date "2011.01.15"]
[Round "3.32"]
[White "Bryant, Richard BE"]
[Black "Evans, Craig"]
[Result "1/2-1/2"]
[WhiteElo "1973"]
[BlackElo "2026"]
[PlyCount "61"]
[EventDate "2011.??.??"]
[WhiteTeam "Guildford A&DC 3"]
[BlackTeam "Celtic Tigers 1"]

1. e4 Nf6 2. Nc3 e5 3. Nf3 Nc6 4. d4 exd4 5. Nd5 Nxe4 6. Bc4 Be7 7. Qe2 Nc5 8.
Bg5 Ne6 9. Nxe7 Nxe7 10. O-O-O d5 11. Bxe7 Qxe7 12. Bxd5 O-O 13. Kb1 c5 14. g3
Bd7 15. Rhe1 Rfe8 16. Nh4 Qf6 17. Bxb7 Rab8 18. Qf3 Qxf3 19. Bxf3 Nc7 20. Kc1
f6 21. Ng2 g5 22. c3 Nb5 23. Bd5+ Kg7 24. cxd4 Nxd4 25. Rxe8 Bxe8 26. b3 a5 27.
Re1 Kf8 28. Kb2 a4 29. Rc1 axb3 30. axb3 Nxb3 31. Bxb3 1/2-1/2

[Event "4NCL"]
[Site "Barcelo Hotel, Hinckley Island"]
[Date "2011.01.15"]
[Round "3.32"]
[White "Fathallah, Joe"]
[Black "Higgs, Anthony RJ"]
[Result "1/2-1/2"]
[WhiteElo "1906"]
[BlackElo "1976"]
[PlyCount "69"]
[EventDate "2011.??.??"]
[WhiteTeam "Celtic Tigers 1"]
[BlackTeam "Guildford A&DC 3"]

1. d4 Nf6 2. c4 c5 3. d5 e5 4. Nc3 d6 5. e4 Nbd7 6. f3 Be7 7. Be3 a6 8. Bd3 O-O
9. Nge2 Ne8 10. Qd2 Kh8 11. g4 Rb8 12. Ng3 g6 13. O-O-O Ng7 14. Rdg1 Nf6 15.
Bg5 Nxd5 16. Bxe7 Nxe7 17. h4 Ne6 18. g5 Nf4 19. h5 Be6 20. hxg6 fxg6 21. Nd5
Nexd5 22. cxd5 Bd7 23. Nf5 Nxd3+ 24. Qxd3 Bxf5 25. exf5 Rxf5 26. f4 Qg8 27. Rh6
exf4 28. Rgh1 Re8 29. Rxh7+ Qxh7 30. Rxh7+ Kxh7 31. Qh3+ Kg8 32. Qh6 Ref8 33.
Qxg6+ Kh8 34. Qh6+ Kg8 35. Qg6+ 1/2-1/2

[Event "4NCL"]
[Site "Barcelo Hotel, Hinckley Island"]
[Date "2011.01.15"]
[Round "3.32"]
[White "Galer, Sebastian E"]
[Black "Wagner, Guy"]
[Result "1/2-1/2"]
[WhiteElo "1890"]
[BlackElo "1900"]
[PlyCount "81"]
[EventDate "2011.??.??"]
[WhiteTeam "Guildford A&DC 3"]
[BlackTeam "Celtic Tigers 1"]

1. e4 d5 2. exd5 Qxd5 3. Nc3 Qd6 4. d4 Nf6 5. Nf3 a6 6. Be2 Bf5 7. Be3 Nc6 8.
O-O e6 9. Qd2 Rd8 10. Rfd1 Be7 11. Bf4 Qd7 12. Ne5 Nxe5 13. dxe5 Qxd2 14. Rxd2
Ne4 15. Nxe4 Bxe4 16. Rad1 Rxd2 17. Rxd2 g5 18. Be3 h5 19. Bd3 Bxd3 20. Rxd3 g4
21. c4 Rg8 22. a4 Bg5 23. Bd4 Kd7 24. h3 Kc8 25. Bc3 Bd8 26. f4 h4 27. b3 Be7
28. Kf1 Bc5 29. Be1 Be7 30. Bc3 c6 31. Bd2 Kc7 32. Kf2 Bc5+ 33. Be3 Bxe3+ 34.
Rxe3 a5 35. c5 b6 36. cxb6+ Kxb6 37. Rc3 c5 38. Rd3 Kc6 39. Rd6+ Kc7 40. Rd3
Rg6 41. Rc3 1/2-1/2

[Event "4NCL"]
[Site "Barcelo Hotel, Hinckley Island"]
[Date "2011.01.15"]
[Round "3.33"]
[White "Rawlinson, Aidan M"]
[Black "Savage, Nicholas W"]
[Result "1/2-1/2"]
[WhiteElo "2183"]
[BlackElo "2134"]
[PlyCount "84"]
[EventDate "2011.??.??"]
[WhiteTeam "Oxford 2"]
[BlackTeam "Iceni"]

1. e3 Nf6 2. Nf3 g6 3. c4 Bg7 4. Be2 c5 5. b3 Ne4 6. d4 Qa5+ 7. Bd2 Nxd2 8.
Qxd2 Qxd2+ 9. Nbxd2 Nc6 10. O-O-O cxd4 11. exd4 Nxd4 12. Rhe1 Ne6 13. Kc2 O-O
14. g3 d6 15. Ne4 Bd7 16. Nc3 Bxc3 17. Kxc3 Rfc8 18. Kb2 Rab8 19. Nd4 Rc7 20.
Bf3 Nxd4 21. Rxd4 Bc6 22. Bd5 Bxd5 23. Rxd5 Kf8 24. a4 Rc5 25. Red1 Rxd5 26.
Rxd5 Rc8 27. Rb5 b6 28. Rd5 Rc5 29. Rd2 Ke8 30. Kc3 Kd7 31. b4 Re5 32. b5 e6
33. a5 bxa5 34. Ra2 Rc5 35. Rxa5 Rc7 36. Kb4 Kc8 37. Ra6 Rd7 38. Rc6+ Kb7 39.
Kc3 Rd8 40. Kd4 Rd7 41. Kd3 Rd8 42. Kd4 Rd7 1/2-1/2

[Event "4NCL"]
[Site "Barcelo Hotel, Hinckley Island"]
[Date "2011.01.15"]
[Round "3.33"]
[White "Reynolds, D Ian W"]
[Black "Smallbone, Kieran D"]
[Result "0-1"]
[WhiteElo "2044"]
[BlackElo "2221"]
[PlyCount "54"]
[EventDate "2011.??.??"]
[WhiteTeam "Iceni"]
[BlackTeam "Oxford 2"]

1. e4 c6 2. d4 d5 3. Nc3 dxe4 4. Nxe4 Bf5 5. Ng3 Bg6 6. Nf3 Nd7 7. h4 h6 8. h5
Bh7 9. Bd3 Bxd3 10. Qxd3 e6 11. Bf4 Qa5+ 12. Bd2 Bb4 13. c3 Be7 14. c4 Qc7 15.
O-O-O Ngf6 16. Kb1 O-O 17. Ne4 Ng4 18. Qe2 b5 19. cxb5 cxb5 20. d5 exd5 21. Nc3
Ndf6 22. Be1 a6 23. Nxd5 Nxd5 24. Rxd5 Rfe8 25. Rd1 Rac8 26. Nd2 Qc2+ 27. Ka1
Bf6 0-1

[Event "4NCL"]
[Site "Barcelo Hotel, Hinckley Island"]
[Date "2011.01.15"]
[Round "3.33"]
[White "Harvey, Marcus R"]
[Black "Feavyour, John A"]
[Result "0-1"]
[WhiteElo "2098"]
[BlackElo "2069"]
[PlyCount "90"]
[EventDate "2011.??.??"]
[WhiteTeam "Oxford 2"]
[BlackTeam "Iceni"]

1. e4 c5 2. c3 g6 3. d4 cxd4 4. cxd4 d5 5. exd5 Nf6 6. Nc3 Bg7 7. Bc4 O-O 8.
Nge2 Nbd7 9. d6 exd6 10. O-O Nb6 11. Bb3 Bg4 12. f3 Bd7 13. Bf4 d5 14. Rc1 Rc8
15. Be5 Bh6 16. Bxf6 Qxf6 17. Nxd5 Nxd5 18. Rxc8 Rxc8 19. Bxd5 Qb6 20. Bb3 Bb5
21. Kh1 Qa6 22. Re1 Bxe2 23. Rxe2 Rc1 24. Re1 Rxd1 25. Rxd1 Bg7 26. h3 Qd6 27.
Bc4 Bxd4 28. b3 Qf4 29. Bf1 Qe3 30. Bc4 Kg7 31. a4 g5 32. Rb1 h5 33. Rd1 Qf4
34. a5 Be5 35. Kg1 Qh2+ 36. Kf2 Bg3+ 37. Ke3 Qxg2 38. Rd7 Bf4+ 39. Ke4 Qc2+ 40.
Kd4 Qd1+ 41. Bd3 Qxf3 42. b4 Qc6 43. Rd5 Qf6+ 44. Kc4 Bd2 45. Rd4 Qc6+ 0-1

[Event "4NCL"]
[Site "Barcelo Hotel, Hinckley Island"]
[Date "2011.01.15"]
[Round "3.34"]
[White "Crouch, Colin S"]
[Black "Vas, Peter J"]
[Result "1-0"]
[WhiteElo "2343"]
[BlackElo "2293"]
[PlyCount "83"]
[EventDate "2011.??.??"]
[WhiteTeam "Braille Chess Assoc"]
[BlackTeam "UCL"]

1. d4 d5 2. c4 dxc4 3. Nf3 Nf6 4. e3 e6 5. Bxc4 c5 6. O-O a6 7. a3 b5 8. Ba2
Bb7 9. Nc3 cxd4 10. exd4 Be7 11. Bg5 O-O 12. Qd3 Nbd7 13. Rad1 Nb6 14. Ne5 Nbd5
15. Rfe1 Nxc3 16. bxc3 Nd5 17. Bb1 f5 18. Bd2 Bg5 19. c4 Bxd2 20. Qxd2 bxc4 21.
Nxc4 Rc8 22. Ba2 Rf6 23. Rb1 Ba8 24. Rec1 f4 25. Ne5 Rxc1+ 26. Rxc1 Rf8 27. Qd3
Qd6 28. Bb1 Nf6 29. Ng4 g6 30. Nxf6+ Rxf6 31. f3 Rf8 32. h3 Rd8 33. Kh2 Kg7 34.
Ba2 Qxd4 35. Qxa6 Bxf3 36. Qxe6 Qd2 37. Qe7+ Kh6 38. Qh4+ Bh5 39. Rc5 Qd4 40.
Qg5+ Kg7 41. Qe7+ Kh6 42. h4 1-0

[Event "4NCL"]
[Site "Barcelo Hotel, Hinckley Island"]
[Date "2011.01.15"]
[Round "3.34"]
[White "Ertbjerg, Andreas"]
[Black "Ross, Chris N"]
[Result "1-0"]
[WhiteElo "2031"]
[BlackElo "2223"]
[PlyCount "69"]
[EventDate "2011.??.??"]
[WhiteTeam "UCL"]
[BlackTeam "Braille Chess Assoc"]

1. e4 c5 2. Nc3 Nc6 3. g3 g6 4. Bg2 Bg7 5. d3 Rb8 6. Be3 d6 7. Qd2 b5 8. Nge2
b4 9. Nd1 Nd4 10. O-O e6 11. Nc1 Qc7 12. c3 bxc3 13. bxc3 Nc6 14. f4 Nge7 15.
Kh1 O-O 16. Ne2 Ba6 17. Nf2 f5 18. e5 dxe5 19. Bxc5 Rfe8 20. Bxe7 Nxe7 21. fxe5
Qxe5 22. Rae1 Qd6 23. g4 Nd5 24. c4 Rb2 25. Qa5 Nc7 26. Nh3 fxg4 27. Ng5 Rf8
28. Rxf8+ Bxf8 29. Ne4 Qb4 30. Nf6+ Kh8 31. Qxc7 Qxe1+ 32. Ng1 Qh4 33. Qf7
Qxh2+ 34. Kxh2 Bd6+ 35. Kh1 1-0

[Event "4NCL"]
[Site "Barcelo Hotel, Hinckley Island"]
[Date "2011.01.15"]
[Round "3.34"]
[White "Sirisena, Chantal N"]
[Black "Lilley, Graham"]
[Result "0-1"]
[WhiteElo "1961"]
[BlackElo "2081"]
[PlyCount "54"]
[EventDate "2011.??.??"]
[WhiteTeam "UCL"]
[BlackTeam "Braille Chess Assoc"]

1. e4 c5 2. Nc3 Nc6 3. g3 g6 4. Bg2 Bg7 5. d3 e5 6. Be3 d6 7. Qd2 Be6 8. Nge2
Qd7 9. O-O h5 10. h4 Nf6 11. f3 O-O 12. Nd1 b6 13. c3 d5 14. d4 cxd4 15. cxd4
exd4 16. Bf4 dxe4 17. fxe4 Ng4 18. Nf2 Rac8 19. Nxg4 Bxg4 20. Rac1 d3 21. Nc3
Nd4 22. Kh1 Ne2 23. Nxe2 dxe2 24. Rfe1 Qxd2 25. Bxd2 Bxb2 26. Rxc8 Rxc8 27. Rb1
Rd8 0-1

[Event "4NCL"]
[Site "Barcelo Hotel, Hinckley Island"]
[Date "2011.01.15"]
[Round "3.35"]
[White "Adams, Mark A"]
[Black "Fraser-Mitchell, Jeremy N"]
[Result "0-1"]
[WhiteElo "2040"]
[BlackElo "2014"]
[PlyCount "123"]
[EventDate "2011.??.??"]
[WhiteTeam "The Full Ponty"]
[BlackTeam "FCA Solutions 2"]

1. e4 e6 2. d4 d5 3. Nc3 Bb4 4. exd5 exd5 5. Bd3 Nc6 6. a3 Bxc3+ 7. bxc3 Nge7
8. Qh5 Be6 9. Ne2 Qd7 10. Ng3 O-O-O 11. h3 Rde8 12. O-O h6 13. f4 g6 14. Qf3
Nf5 15. Nxf5 Bxf5 16. Rb1 Be4 17. Qf2 f5 18. Bb5 Reg8 19. Re1 g5 20. g3 Qd6 21.
Bxc6 Qxc6 22. Rb3 Rh7 23. Kh2 Rhg7 24. Be3 Re8 25. Qd2 g4 26. h4 Rge7 27. Bf2
Bf3 28. Re5 Be4 29. Be3 Re6 30. Kg1 Qc4 31. Kf2 a5 32. Qe2 Qxe2+ 33. Kxe2 c6
34. Kd1 Kc7 35. Rb2 R6e7 36. Rb3 Re6 37. Rb2 R6e7 38. Rb1 Kb8 39. Bd2 Ka7 40.
Bc1 Ka6 41. a4 h5 42. Rb3 b5 43. axb5+ cxb5 44. Ba3 Rxe5 45. dxe5 Rc8 46. Kd2
d4 47. cxd4 Rxc2+ 48. Ke1 b4 49. Bxb4 axb4 50. Rxb4 Bd5 51. Rb8 Rg2 52. Rf8 Kb5
53. Rxf5 Kc4 54. Rxh5 Kxd4 55. e6 Rxg3 56. Re5 Re3+ 57. Rxe3 Kxe3 58. e7 Bf7
59. f5 Kf4 60. f6 Kf5 61. Kf2 Kxf6 62. Kg3 0-1

[Event "4NCL"]
[Site "Barcelo Hotel, Hinckley Island"]
[Date "2011.01.15"]
[Round "3.35"]
[White "Majer, Chris E"]
[Black "Miles, Richard"]
[Result "1/2-1/2"]
[WhiteElo "2050"]
[BlackElo "2061"]
[PlyCount "60"]
[EventDate "2011.??.??"]
[WhiteTeam "FCA Solutions 2"]
[BlackTeam "The Full Ponty"]

1. e4 c5 2. Nc3 a6 3. f4 Nc6 4. Nf3 e6 5. g3 d5 6. d3 Nf6 7. e5 Nd7 8. Bg2 Be7
9. O-O b5 10. Qe2 b4 11. Nd1 O-O 12. b3 a5 13. a4 bxa3 14. Bxa3 Nb6 15. Nc3 f5
16. exf6 Bxf6 17. Ne5 Nd4 18. Qd2 Qc7 19. Rae1 Re8 20. Bb2 a4 21. bxa4 Nxa4 22.
Nxd5 exd5 23. Bxd5+ Be6 24. Bxa8 Rxa8 25. Bxd4 cxd4 26. Nf3 Bh3 27. Rf2 Nc3 28.
Ng5 Bxg5 29. fxg5 Nd5 30. Qd1 Qd7 1/2-1/2

[Event "4NCL"]
[Site "Barcelo Hotel, Hinckley Island"]
[Date "2011.01.15"]
[Round "3.35"]
[White "Davies, Peter L"]
[Black "Freeman, Richard CP"]
[Result "1-0"]
[WhiteElo "1995"]
[BlackElo "2039"]
[PlyCount "57"]
[EventDate "2011.??.??"]
[WhiteTeam "The Full Ponty"]
[BlackTeam "FCA Solutions 2"]

1. c4 g6 2. Nc3 Bg7 3. g3 d6 4. Bg2 e5 5. e3 Ne7 6. Nge2 O-O 7. O-O c6 8. d4
Na6 9. a3 Nc7 10. d5 c5 11. b4 b6 12. bxc5 bxc5 13. Rb1 Ba6 14. Qa4 Nc8 15. Nb5
Bxb5 16. cxb5 f5 17. Qd1 Rb8 18. a4 a6 19. Bd2 axb5 20. axb5 Rxb5 21. Rxb5 Nxb5
22. Qa4 Nc7 23. Rb1 Kh8 24. Rb7 e4 25. Qc6 Ne8 26. Rd7 Qg5 27. Qxc8 Nf6 28. Rd8
Qh6 29. Bc3 1-0

[Event "4NCL"]
[Site "Barcelo Hotel, Hinckley Island"]
[Date "2011.01.15"]
[Round "3.35"]
[White "Matthews, Adrian MS"]
[Black "Roberts, Lynda"]
[Result "1-0"]
[WhiteElo "1909"]
[BlackElo "1976"]
[PlyCount "111"]
[EventDate "2011.??.??"]
[WhiteTeam "FCA Solutions 2"]
[BlackTeam "The Full Ponty"]

1. e4 c5 2. c3 g6 3. d4 cxd4 4. cxd4 d5 5. exd5 Nf6 6. Nc3 Nxd5 7. Bc4 Nb6 8.
Bb3 Bg7 9. Nf3 O-O 10. h3 Nc6 11. Be3 Na5 12. Bc2 Nac4 13. Bc1 Nd6 14. O-O Bf5
15. Bb3 Rc8 16. Re1 a6 17. Bg5 Rc7 18. a4 h6 19. Bh4 g5 20. Bg3 e6 21. Qe2 Nbc8
22. Be5 Ne7 23. Rad1 Ng6 24. g4 Rxc3 25. bxc3 Be4 26. Bg3 Nf4 27. Bxf4 gxf4 28.
Bc2 f5 29. Bxe4 fxe4 30. Ne5 Kh7 31. Qc2 Qg5 32. Rxe4 Nxe4 33. Qxe4+ Kg8 34.
Nf3 Qe7 35. Rb1 b5 36. axb5 axb5 37. Rxb5 Kh8 38. Rb7 Qe8 39. Ne5 Rf6 40. Nc6
Qg6 41. Qxg6 Rxg6 42. Kg2 h5 43. f3 hxg4 44. hxg4 Bh6 45. c4 Rg8 46. Rb2 Bg5
47. Rb7 Rc8 48. Rb8 Rxb8 49. Nxb8 Kg7 50. Kf1 Bf6 51. Nc6 Kf8 52. Ke2 Ke8 53.
Kd3 Kd7 54. Ne5+ Kc7 55. Ke4 Bg5 56. Ng6 1-0

[Event "4NCL"]
[Site "Barcelo Hotel, Hinckley Island"]
[Date "2011.01.15"]
[Round "3.36"]
[White "McLaughlin, Noel S"]
[Black "Brown, Alan M"]
[Result "1/2-1/2"]
[WhiteElo "2042"]
[BlackElo "2092"]
[PlyCount "33"]
[EventDate "2011.??.??"]
[WhiteTeam "AMCA Rhinos"]
[BlackTeam "FCA Solutions 1"]

1. Nf3 Nf6 2. c4 e6 3. g3 d5 4. Bg2 Bd6 5. O-O O-O 6. d4 c6 7. Qc2 Nbd7 8. Rd1
Ne4 9. Nc3 f5 10. Ne5 Qf6 11. f4 Qe7 12. a3 Ndf6 13. b4 Bd7 14. Be3 Be8 15.
Rab1 Bh5 16. Nxe4 Nxe4 17. Bf3 1/2-1/2

[Event "4NCL"]
[Site "Barcelo Hotel, Hinckley Island"]
[Date "2011.01.15"]
[Round "3.36"]
[White "Habershon, Paul F"]
[Black "Duvall, Ian"]
[Result "1-0"]
[WhiteElo "2114"]
[BlackElo "2053"]
[PlyCount "67"]
[EventDate "2011.??.??"]
[WhiteTeam "FCA Solutions 1"]
[BlackTeam "AMCA Rhinos"]

1. e4 e6 2. d4 d5 3. Nc3 dxe4 4. Nxe4 Nd7 5. Nf3 Ngf6 6. Nxf6+ Nxf6 7. Bd3 c5
8. c3 cxd4 9. Nxd4 Be7 10. O-O O-O 11. Re1 Bd7 12. Bg5 Rc8 13. Qf3 Bc6 14. Qh3
g6 15. Rad1 Bd7 16. Nf3 Qb6 17. Qh4 Qd8 18. Ne5 Re8 19. Nxf7 Kxf7 20. Bxf6 Bxf6
21. Qxh7+ Kf8 22. Bxg6 Re7 23. Qh6+ Bg7 24. Qh4 Qb6 25. Re3 Bc6 26. Rdd3 Qc7
27. Rf3+ Bxf3 28. Rxf3+ Rf7 29. Rxf7+ Qxf7 30. Bxf7 Kxf7 31. Qh5+ Ke7 32. Qg6
Be5 33. Qh7+ Kf6 34. Qxb7 1-0

[Event "4NCL"]
[Site "Barcelo Hotel, Hinckley Island"]
[Date "2011.01.15"]
[Round "3.36"]
[White "Williamson, Kevin J"]
[Black "Jeffries, Majid"]
[Result "1-0"]
[WhiteElo "2065"]
[BlackElo "2009"]
[PlyCount "59"]
[EventDate "2011.??.??"]
[WhiteTeam "FCA Solutions 1"]
[BlackTeam "AMCA Rhinos"]

1. d4 Nf6 2. Nc3 d5 3. Bg5 Nbd7 4. e3 g6 5. Bd3 Bg7 6. f4 b6 7. Nf3 Bb7 8. O-O
O-O 9. Ne5 Ne4 10. Nxe4 Nxe5 11. fxe5 dxe4 12. Bc4 Qd7 13. Rxf7 Rxf7 14. e6 Qd6
15. exf7+ Kf8 16. c3 c5 17. Qe2 cxd4 18. cxd4 Rc8 19. Bb3 Qd7 20. Rf1 Bc6 21.
Rc1 Qf5 22. Bh4 Rc7 23. Qf2 Qd7 24. Qf4 Rc8 25. Bg5 Bb5 26. Rxc8+ Qxc8 27. Qxe4
e5 28. Kf2 h6 29. Qxg6 exd4 30. Qd6# 1-0

[Event "4NCL"]
[Site "Barcelo Hotel, Hinckley Island"]
[Date "2011.01.15"]
[Round "3.36"]
[White "Tart, Peter K"]
[Black "Elwin, Adrian G"]
[Result "1-0"]
[WhiteElo "1940"]
[BlackElo "1990"]
[PlyCount "87"]
[EventDate "2011.??.??"]
[WhiteTeam "AMCA Rhinos"]
[BlackTeam "FCA Solutions 1"]

1. e4 c6 2. d4 d5 3. Nc3 dxe4 4. f3 exf3 5. Nxf3 Bg4 6. Bc4 e6 7. Be3 Nf6 8. h3
Bh5 9. g4 Bg6 10. Ne5 Bd6 11. Qf3 Nbd7 12. Nxg6 hxg6 13. O-O-O Nb6 14. Bd3 Qc7
15. Bg5 Nbd5 16. Nxd5 Nxd5 17. Rhf1 Rf8 18. Rde1 Be7 19. Bxe7 Qxe7 20. c4 Nb6
21. d5 cxd5 22. cxd5 Nxd5 23. Bb5+ Kd8 24. Kb1 Qb4 25. Rxe6 fxe6 26. Qxf8+ Kc7
27. Qxa8 Qxb5 28. Rf7+ Kd6 29. Qf8+ Ke5 30. Qxg7+ Kd6 31. Qd4 Qe2 32. Rf2 Qe1+
33. Kc2 Ke7 34. Qc5+ Ke8 35. Qc8+ Ke7 36. Qxb7+ Kd6 37. Qb8+ Kc5 38. Qxa7+ Kc4
39. b3+ Kb4 40. a3+ Kb5 41. Qd7+ Kc5 42. b4+ Kd4 43. Rd2+ Ke5 44. Rxd5+ 1-0